| 000 | 00588nam a2200217Ia 4500 | ||
|---|---|---|---|
| 008 | 220204s9999 xx 000 0 und d | ||
| 082 |
_a581.132 _bZEL |
||
| 100 | _aZELITCH, Israel | ||
| 245 | 0 | _aPhotosynthesis, photorespiration and plant productivity | |
| 260 |
_aNew York _bAcademic _c1971 |
||
| 650 | _aChloroplast | ||
| 650 | _aCO2 fixation | ||
| 650 | _aElectron transport | ||
| 650 | _aGlycolate metabolism | ||
| 650 | _aPhotochemistry | ||
| 650 | _aPhotorespiration | ||
| 650 | _aPhotosynthesis | ||
| 650 | _aPlant productivity | ||
| 650 | _aRespiration | ||
| 942 | _cBK | ||
| 999 |
_c23289 _d23289 |
||